Guess the 1970s song lyrics #156 - Statistics

General Stats
  • This quiz has been taken 23 times
  • The average score is 112 of 201
Answer Stats
Answer % Correct
I
100%
a
90%
the
90%
no
86%
he
81%
He
81%
is
81%
me
81%
and
76%
be
76%
in
76%
to
76%
don't
71%
my
71%
on
71%
But
67%
Down
67%
down
67%
Just
67%
like
67%
up
67%
by
62%
E
62%
man
62%
Oh
62%
good
57%
have
57%
here
57%
his
57%
let
57%
met
57%
of
57%
over
57%
Well
57%
won't
57%
boy
52%
head
52%
was
52%
more
48%
Now
48%
Put
48%
these
48%
Poor
43%
poor
43%
run
43%
said
43%
some
43%
train
43%
boys
38%
hurt
38%
out
38%
picked
38%
pitiful
38%
really
38%
Woe
38%
woe
38%
worked
38%
Yes
38%
lay
33%
Lord
33%
mercy
33%
Please
33%
ain't
29%
blender
29%
mama
29%
railroad
29%
Sort
29%
threw
29%
through
29%
track
29%
Waiting
29%
waring
29%
credit
24%
double
24%
gender
24%
Hollywood
24%
names
24%
naming
24%
Yokohama
24%
changes
19%
James
19%
Jesse
19%
Vieux
19%
Carres
5%
No matching quizzes found
Score Distribution
Percent of People with Each Score
Percentile by Number Answered
Your Score History
You have not taken this quiz